LEADER 00761nab a2200145 i 4500 001 000000264473 003 CaOOAMICUS 005 20060627000000.0 008 060627n xx uu u0 0und r 013 $a7122 040 $aSeMil$bita 245 10$aTempo ordinario :$bDomeniche 13.-23., Trasfigurazione del Signore, Assunzione B.V. Maria. - 32 p. ; 25 cm. - (Ascolto e Annuncio ; Anno B, 7). - Titolo dalla prima pagina. 500 $a18 giugno 2006 - Supplemento. 773 0 $t[2006 : Gennaio-Giugno].$dBologna : Centro Editoriale Dehoniano, 2006.$w()146663 996 $6245$aTempo ordinario :$bDomeniche 13.-23., Trasfigurazione del Signore, Assunzione B.V. Maria. - 32 p. ; 25 cm. - (Ascolto e Annuncio ; Anno B, 7). - Titolo dalla prima pagina.$9(OLS)http://semarc/title/357006 LEADER 00764nam a2200193 i 4500 001 000000234335 003 CaOOAMICUS 005 20141013000000.0 008 141013s1825 it u000 u ita u 013 $a213238 026 $atet- s-he e,e; sail (7) 1825 (A) 040 $aSeMil$bita 245 10$aVol. 32. 300 $a408 p., [1] carta di tav. 773 0 $aOrsi, Giuseppe Agostino $tStoria ecclesiastica del cardinale Giuseppe Agostino Orsi accademico della Crusca.$dVenezia : Presso Giuseppe Battaggia : co' tipi di G. Picotti, 1822-1826.$g32$w()29661 850 $aSeMil 852 $aSeMil$W1$xVenegono$y1$m3A I 117 FA$j184681$B184681$CSeMilBibl$Z2$F195679 $8I 961 $aRecupero: Altro 996 $6245$aVol. 32$9(OLS)http://semarc/title/206131